UK key cities office trends (Record no. 119340)

MARC details
000 -LEADER
fixed length control field 00988cad a22002415a 4500
001 - CONTROL NUMBER
control field L153571
008 - FIXED-LENGTH DATA ELEMENTS--GENERAL INFORMATION
fixed length control field 110808s2011 xxkar eng u
035 ## - SYSTEM CONTROL NUMBER
System control number (Sirsi) u153571
041 0# - LANGUAGE CODE
Language code of text/sound track or separate title eng
050 ## - LIBRARY OF CONGRESS CALL NUMBER
Classification number 333.33 $2 18
110 2# - MAIN ENTRY--CORPORATE NAME
Corporate name or jurisdiction name as entry element Drivers Jonas Deloitte
9 (RLIN) 5854
245 00 - TITLE STATEMENT
Title UK key cities office trends
Medium [electronic resource]
260 ## - PUBLICATION, DISTRIBUTION, ETC.
Place of publication, distribution, etc. London
Name of publisher, distributor, etc. DJ Deloitte
Date of publication, distribution, etc. 2011
362 0# - DATES OF PUBLICATION AND/OR SEQUENTIAL DESIGNATION
Dates of publication and/or sequential designation Current year only
490 #0 - SERIES STATEMENT
Series statement Drivers Jonas Deloitte UK Key Cities Office Trends
Volume/sequential designation 2011
520 ## - SUMMARY, ETC.
Summary, etc. Provides a focus on key cities including an office market summary and market outlook.
650 24 - SUBJECT ADDED ENTRY--TOPICAL TERM
Topical term or geographic name entry element DRIVERS JONAS DELOITTE UK KEY CITIES OFFICE TRENDS
651 #4 - SUBJECT ADDED ENTRY--GEOGRAPHIC NAME
Geographic name United Kingdom
Chronological subdivision
690 ## - LOCAL SUBJECT ADDED ENTRY--TOPICAL TERM (OCLC, RLIN)
Topical term or geographic name as entry element PROPERTY-COMMERCIAL PROPERTY-COMMERCIAL PROPERTY FINANCE AND INVESTMENT
690 ## - LOCAL SUBJECT ADDED ENTRY--TOPICAL TERM (OCLC, RLIN)
Topical term or geographic name as entry element PROPERTY-COMMERCIAL PROPERTY-COMMERCIAL PROPERTY MARKET
856 40 - ELECTRONIC LOCATION AND ACCESS
Uniform Resource Identifier <a href="https://www.djdeloitte.co.uk/uk.aspx?doc=16564">https://www.djdeloitte.co.uk/uk.aspx?doc=16564</a>
Public note View the report free of charge after registration at www.deloitte.co.uk
942 ## - ADDED ENTRY ELEMENTS (KOHA)
Suppress in OPAC 0
Holdings
Withdrawn status Lost status Source of classification or shelving scheme Damaged status Not for loan Home library Current library Shelving location Date acquired Total Checkouts Full call number Barcode Date last seen Copy number Price effective from Koha item type
    Dewey Decimal Classification     Virtual Virtual Online 08/08/2011   ONLINE PUBLICATION 153571-2001 06/08/2019 1 06/08/2019 Book